Analýza prevádzkových podmienok nízkoteplotných sústav odovzdávania energie v budovách.
Uložené v:
| Hlavný autor: | |
|---|---|
| Ďalší autori: | |
| Médium: | Rukopis Kniha |
| Jazyk: | Slovak |
| Vydavateľské údaje: |
2020
|
| Predmet: | |
| On-line prístup: | http://is.stuba.sk/zp/portal_zp.pl?podrobnosti=127980 |
| Tagy: |
Žiadne tagy, Buďte prvý, kto otaguje tento záznam!
|
MARC
| LEADER | 00000ntm a22000003a 4500 | ||
|---|---|---|---|
| 001 | stuzp54655 | ||
| 003 | SK-STU | ||
| 005 | 20200829210303.2 | ||
| 007 | ta | ||
| 008 | 150427s2015----xo-----f-mn---000-0-slo-d | ||
| 040 | |a STU |b slo | ||
| 041 | 0 | |a slo | |
| 100 | 1 | |a Skalíková, Ingrida |u 010290 |k Z2 |4 aut |U SvF Stavebná fakulta |T SvF Katedra technických zariadení budov |X 7282 |U V290 |Y 31 |7 A000007282 | |
| 242 | 0 | 1 | |a An analysis of the operating conditions of low temperature systems and the transmission of energy within the buildings. |y eng |
| 245 | 1 | 0 | |a Analýza prevádzkových podmienok nízkoteplotných sústav odovzdávania energie v budovách. |
| 260 | |c 2020 | ||
| 650 | 4 | |a tepelné čerpadlá |2 slo | |
| 650 | 4 | |a hĺbková obnova budov |2 slo | |
| 650 | 4 | |a CZT |2 slo | |
| 650 | 4 | |a renewable energy sources |2 eng | |
| 650 | 4 | |a building renovation |2 eng | |
| 650 | 4 | |a heat pumps |2 eng | |
| 700 | 1 | |a Füri, Belo |4 ths |X 2442 |7 A000002442 | |
| 856 | 4 | |u http://is.stuba.sk/zp/portal_zp.pl?podrobnosti=127980 | |